000
00408nam a2200145Ia 4500
008
090124s9999 xx 000 0 und d
082
_b
206041
245
_a
चंदन संतन घिसे
250
_a
1
260
_b
सत्य शकुन
_c
2001
300
_a
104
630
_a
चंदन संतन घिसे
730
_a
चंदन संतन घिसे
942
_c
BOOK
999
_c
187625
_d
187625